Statistics for NRL Season Points Leaders 2013-2023

Click here to take the quiz!

General Stats

  • This quiz has been taken 23 times
  • The average score is 9 of 11

Answer Stats

YearClubPoints ScoredPlayer% Correct
2023Dolphins173Jamayne Isaako
100%
2019Roosters273Latrell Mitchell
100%
2018Roosters248Latrell Mitchell
100%
2017Panthers228Nathan Cleary
100%
2020Rabbitohs221Adam Reynolds
86%
2021Sea Eagles334Reuben Garrick
86%
2016Raiders296Jarod Croker
79%
2022Cowboys244Valentine Holmes
79%
2015Roosters250James Maloney
64%
2014Roosters234James Maloney
64%
2013Roosters252James Maloney
64%

Score Distribution

Percentile by Number Answered

Percent of People with Each Score

Your Score History

You have not taken this quiz